000
00319nam a2200133Ia 4500
008
151001s9999||||xx |||||||||||||| ||und||
100
_a
आनंद पिंपळकर
245
_a
श्री यंत्र
250
_a
1
260
_b
प्रणव
260
_c
2007
300
_a
20
365
_b
21
999
_c
1000445
_d
1000442